[Event "HCL-A159"]
[Site "www.playchess.de"]
[Date "2001.04.22"]
[Round "4"]
[White "DaRkFoRcE"]
[Black "whatsleft2"]
[WhiteElo "1832"]
[BlackElo "1814"]
[PlyCount "23"]
[Result "1-0"]

1.e4 {do you want revenge? :)}  d5 {just an 
exciting game goodluck}  2.exd5 {so do I, good 
luck!}  Nf6 {i have not had a lot of luck with 
this opening but i keep trying}  3.Nc3 {that's the 
Alekhine defense?}  Nxd5 4.Bc4 Nb6 5.Bb3 c5 6.d3 
Nc6 7.Nf3 Bg4 8.Bxf7+ Kxf7 9.Ng5+ Kg8 10.Qxg4 Nd4 
11.Be3 Nxc2+ 12.Kd2 1-0

[Event "HCL-B333"]
[Site "www.playchess.de"]
[Date "2001.04.22"]
[Round "4"]
[White "Lycanth"]
[Black "mouloud"]
[WhiteElo "1255"]
[BlackElo "950"]
[PlyCount "56"]
[Result "0-1"]

1.e4 {salut}  c5 2.Nf3 Nc6 3.d4 cxd4 4.Nxd4 Nxd4 
{doux Jesus, quelle aggressivité dans cette 
partie!!!}  5.Qxd4 {on est a la guerre cher ami}  
d6 6.Nc3 e5 7.Bb5+ Bd7 8.Qa4 Bxb5 9.Qxb5+ Qd7 
10.Qxd7+ Kxd7 11.f4 f6 {je desapprouve votre 
hostilite}  12.Be3 a6 13.O-O-O {je n ai pas le 
choix nos armées sont en guerre et seule la mort 
de votre roi pourra me soulager :)}  Ke6 
{invention de l attaque avec le roi :-(}  14.f5+ 
{Infanterie a l'assaut}  Kf7 15.Nd5 Be7 {je vais 
devenir specialiste des petits perimetres}  16.Bb6 
{va falloir apprendre effectivement :)}  Nh6 17.h3 
Rac8 18.Rd3 Rc6 19.Rhd1 Rhc8 20.Rc3 R6xc3 21.Nxc3 
Ke8 {tu joues depuis longtemps ici?}  22.Rd3 {1 
peu plus d un mois}  Nf7 23.Nd5 Bd8 24.Be3 Rc4 
25.Rc3 Rxe4 26.Rc8 b5 27.Bb6 Kd7 28.Bxd8 
Kxc8 0-1

[Event "HCL-B333"]
[Site "www.playchess.de"]
[Date "2001.04.22"]
[Round "14"]
[White "lonewolf"]
[Black "mouloud"]
[WhiteElo "1707"]
[BlackElo "950"]
[PlyCount "51"]
[Result "1-0"]

1.e4 {Hello again,and good luck.}  c5 {good again 
and again}  2.Nf3 Nc6 3.Bb5 e6 4.Bxc6 bxc6 5.O-O 
Ba6 6.d3 Nf6 7.e5 Nd5 8.Nbd2 Be7 9.c4 Nf4 10.Ne4 
Ng6 11.Qa4 Qb6 12.Be3 Bb7 13.Nd6+ Bxd6 14.exd6 a5 
15.Qb3 Qb4 16.Bd2 Qxb3 17.axb3 O-O 18.Be3 Ra6 
19.Ra3 Rfa8 20.Rfa1 f6 21.g3 f5 22.Bxc5 e5 23.Re1 
Re8 24.Raa1 Rea8 25.Nxe5 Nxe5 {my head in a 
plastic bag...}  26.Rxe5 1-0

[Event "ACL-A183"]
[Site "www.playchess.de"]
[Date "2001.04.22"]
[Round "21"]
[White "Qaurial"]
[Black "myosotis1984"]
[WhiteElo "1801"]
[BlackElo "1617"]
[PlyCount "95"]
[Result "1/2-1/2"]

1.Nf3 d5 2.d4 Nf6 3.c4 e6 4.Nc3 Nbd7 5.Bg5 Be7 
6.e3 c6 7.Rc1 O-O 8.Bd3 dxc4 9.Bxc4 Nb6 {Hi, where 
are you from?}  10.Bd3 {Kelewan and you?}  h6 
11.Bh4 Qc7 {Midkemia}  12.Bg3 Bd6 13.e4 Bxg3 {Have 
a nice game! My fide is 2098, and yours?}  14.hxg3 
Ng4 15.Ne5 Nxe5 16.dxe5 Qxe5 17.f4 Qc5 18.Nd5 Qd6 
19.Ne3 e5 20.O-O Rd8 21.Be2 exf4 22.gxf4 Qe7 
23.Qc2 Be6 24.f5 Bd7 25.Bf3 Be8 26.Ng4 Qg5 27.Rf2 
Rd4 28.Rd1 Rad8 29.Rxd4 Rxd4 30.Qc3 Qd8 31.f6 h5 
32.Ne3 Qxf6 33.Bxh5 Qe5 34.Bf3 Nd7 35.Nf5 Ra4 
36.Qb3 Nb6 37.Rd2 Rc4 38.Nd6 Rc1+ 39.Kf2 Qg5 
40.Qd3 Qh4+ 41.g3 Qh2+ 42.Bg2 Qg1+ 43.Kf3 Nd7 
44.Qd4 Qxd4 45.Rxd4 Ne5+ 46.Ke2 Bd7 47.Nxb7 Rc2+ 
48.Rd2 1/2-1/2

[Event "HCL-E008"]
[Site "www.playchess.de"]
[Date "2001.04.22"]
[Round "3"]
[White "Vanon"]
[Black "Pete"]
[WhiteElo "2000"]
[BlackElo "2103"]
[PlyCount "28"]
[Result "1/2-1/2"]

1.d4 Nf6 2.c4 d6 3.Nc3 e5 4.dxe5 dxe5 5.Qxd8+ Kxd8 
6.Bg5 c6 7.Nf3 Nbd7 8.O-O-O Kc7 9.e4 Ng4 10.Bh4 
Bc5 11.Rd2 Bb4 12.Kc2 Nc5 13.Bd3 f6 14.h3 
Nh6 1/2-1/2

[Event "HCL-E008"]
[Site "www.playchess.de"]
[Date "2001.04.22"]
[Round "21"]
[White "FD515"]
[Black "NOHAU"]
[WhiteElo "1669"]
[BlackElo "2145"]
[PlyCount "65"]
[Result "1/2-1/2"]

1.e4 c5 2.Nf3 d6 3.d4 cxd4 4.Nxd4 Nf6 5.Nc3 g6 
6.Be2 Bg7 7.Be3 Nc6 8.O-O O-O 9.Rc1 d5 10.exd5 
Nxd5 11.Nxd5 Bxd4 12.c3 Qxd5 13.cxd4 Qxa2 14.Qd2 
Rd8 15.Bc4 Qa5 16.Qe2 Qf5 17.Rfd1 Be6 18.Ba6 Rab8 
19.Bxb7 Nxd4 20.Bxd4 Rxb7 21.Bc5 Rxd1+ 22.Qxd1 Bd5 
23.Qd2 Rd7 24.Qe3 Qe4 25.Qg5 a5 26.f3 Qe2 27.b4 a4 
28.Qg4 f5 29.Qf4 Bb7 30.Bd4 Rd6 31.Qe5 Qxe5 
32.Bxe5 Rb6 33.Rc4 1/2-1/2

[Event "HCL-B089"]
[Site "www.playchess.de"]
[Date "2001.04.22"]
[Round "7"]
[White "Martin"]
[Black "DTG007"]
[WhiteElo "1200"]
[BlackElo "1006"]
[PlyCount "47"]
[Result "1-0"]

1.e4 c5 2.Nf3 Nc6 3.d4 cxd4 4.Nxd4 g6 5.Bc4 Bg7 
6.Be3 Qa5+ 7.c3 Nxd4 8.Bxd4 e5 9.Be3 Nf6 10.Nd2 d5 
11.exd5 Nxd5 12.O-O Nxe3 13.fxe3 O-O 14.Qb3 Qc5 
15.Rxf7 Qxe3+ 16.Rf2+ Kh8 17.Raf1 Rxf2 18.Rxf2 
Qe1+ 19.Nf1 Qe4 20.Rd2 Bf6 21.Bg8 Bg4 22.Qf7 Rxg8 
23.Qxf6+ Rg7 24.Rd8+ 1-0

[Event "HCL-B089"]
[Site "www.playchess.de"]
[Date "2001.04.22"]
[Round "9"]
[White "Martin"]
[Black "Trinity"]
[WhiteElo "1200"]
[BlackElo "1500"]
[PlyCount "51"]
[Result "1-0"]

1.e4 e5 2.Nf3 Nc6 3.Bc4 d6 4.O-O Bg4 5.d3 Nf6 
6.Be3 Be7 7.Nbd2 O-O 8.h3 Bc8 9.Ng5 d5 10.exd5 
Nxd5 11.Qf3 Bxg5 12.Bxd5 Bxe3 13.fxe3 Qe7 14.Ne4 
Nb4 15.Bb3 b6 16.Qg3 Be6 17.Bxe6 Qxe6 18.Rf6 Qd7 
19.Rh6 f6 20.Rf1 Kh8 21.Rh5 Nxc2 22.Qh4 h6 23.Rxf6 
Nxe3 24.Rhxh6+ gxh6 25.Rxh6+ Kg8 
26.Rh8+ 1-0

[Event "HCL-B089"]
[Site "www.playchess.de"]
[Date "2001.04.22"]
[Round "16"]
[White "Rygars"]
[Black "DTG007"]
[WhiteElo "1465"]
[BlackElo "1006"]
[PlyCount "23"]
[Result "1-0"]

1.f4 d5 2.Nf3 c5 3.e3 g6 4.c4 Bf5 5.cxd5 Qxd5 
6.Nc3 Qc6 7.Bb5 Qxb5 8.Nxb5 Na6 9.Qa4 Bd7 10.Ne5 
Bxb5 11.Qxb5+ Kd8 12.Qd7+ 1-0

[Event "HCL-B089"]
[Site "www.playchess.de"]
[Date "2001.04.22"]
[Round "20"]
[White "Rygars"]
[Black "Martin"]
[WhiteElo "1465"]
[BlackElo "1200"]
[PlyCount "42"]
[Result "1-0"]

1.f4 d5 2.b3 e6 3.Nf3 Nf6 4.e3 Bd6 5.Bb2 Nc6 6.c4 
O-O 7.Be2 Re8 8.O-O a6 9.Ne5 Ne7 10.Nd3 Nf5 11.c5 
Be7 12.Qc2 c6 13.Nc3 b5 14.cxb6 e.p 15.Qxb6 Na4 
16.Qa7 Ne5 17.Bb7 g4 18.Nd6 Bd4 19.Qb8 Nb6 20.Nde4 
Nxa8 21.Qxa8 g5 1-0

[Event "HCL-B072"]
[Site "www.playchess.de"]
[Date "2001.04.22"]
[Round "2"]
[White "dmitry"]
[Black "csadler"]
[WhiteElo "1308"]
[BlackElo "1047"]
[PlyCount "65"]
[Result "1-0"]

1.e4 c6 2.d4 d5 3.Nc3 dxe4 4.Nxe4 Bf5 5.Ng3 Bg6 
6.Nf3 Nd7 7.h4 h6 8.Bd3 Bxd3 9.Qxd3 Qc7 10.Be3 
Ngf6 11.O-O-O O-O-O 12.Rhe1 e6 13.Qc3 Bd6 14.Ne2 
Ng4 15.Kb1 Nxe3 16.Qxe3 Rhe8 17.Nc3 g5 18.hxg5 Bf4 
19.Qd3 hxg5 20.g3 Bd6 21.Nxg5 f5 22.Nxe6 Rxe6 
23.Rxe6 Bb4 24.d5 Nc5 25.Qxf5 Nxe6 26.dxe6 Bxc3 
27.Rxd8+ Kxd8 28.Qd3+ Ke7 29.Qh7+ Kd6 30.Qxc7+ 
Kxc7 31.bxc3 Kd8 32.f4 Ke7 33.f5 1-0

[Event "HCL-B072"]
[Site "www.playchess.de"]
[Date "2001.04.22"]
[Round "4"]
[White "csadler"]
[Black "Jeff_Foster"]
[WhiteElo "1047"]
[BlackElo "1441"]
[PlyCount "45"]
[Result "1-0"]

1.e4 e5 2.Nf3 Nc6 3.Bc4 Nf6 4.Ng5 d5 5.exd5 Na5 
6.Bb5+ Bd7 7.Qe2 Bd6 8.d4 Qe7 9.Bxd7+ Qxd7 10.dxe5 
O-O-O 11.exd6 Rde8 12.Be3 Nxd5 13.Qd3 f6 14.Qxd5 
Nc6 15.O-O fxg5 16.Bxg5 cxd6 17.Nc3 Re5 18.Qd2 h6 
19.Bf4 Re6 20.Nb5 d5 21.Nd6+ Rxd6 22.Bxd6 Qxd6 
23.Rfe1 1-0

[Event "HCL-B072"]
[Site "www.playchess.de"]
[Date "2001.04.22"]
[Round "6"]
[White "dmitry"]
[Black "Jeff_Foster"]
[WhiteElo "1308"]
[BlackElo "1441"]
[PlyCount "69"]
[Result "1-0"]

1.e4 e5 2.Nf3 Nc6 3.Bc4 Nf6 4.Ng5 d5 5.exd5 Na5 
6.Bb5+ c6 7.dxc6 bxc6 8.Be2 h6 9.Nf3 Bc5 10.O-O 
O-O 11.Nxe5 Re8 12.Nf3 Ne4 13.d4 Bb6 14.c3 c5 
15.d5 Bb7 16.c4 Nd6 17.b3 Re7 18.Nc3 Ba6 19.Re1 
Nab7 20.Bf4 Nf5 21.Ne5 Nd4 22.Bf3 Nd6 23.Ne2 Bb7 
24.Nxd4 cxd4 25.Bc1 Rc8 26.Bb2 Qe8 27.Bxd4 Bxd4 
28.Qxd4 f6 29.Nd3 a6 30.Rxe7 Qxe7 31.Nf4 Kf7 
32.Ne6 Nf5 33.Qg4 g6 34.Re1 h5 
35.Ng5+ 1-0

[Event "HCL-B072"]
[Site "www.playchess.de"]
[Date "2001.04.22"]
[Round "7"]
[White "Sturk"]
[Black "csadler"]
[WhiteElo "1500"]
[BlackElo "1047"]
[PlyCount "43"]
[Result "1-0"]

1.e4 c6 2.d4 d5 3.Nc3 dxe4 4.Nxe4 Bf5 5.Ng3 Bg6 
6.Nf3 Nd7 7.Bd3 e6 8.O-O Ngf6 9.c4 Bd6 10.b3 O-O 
11.Bb2 Qc7 12.Re1 Rfe8 13.Bxg6 hxg6 14.Ne5 Nxe5 
15.dxe5 Bxe5 16.Bxe5 Qd7 17.Bxf6 Qxd1 18.Raxd1 
gxf6 19.Rd7 Red8 20.Red1 f5 21.R7xd8+ Rxd8 
22.Rxd8+ 1-0

[Event "HCL-B072"]
[Site "www.playchess.de"]
[Date "2001.04.22"]
[Round "8"]
[White "DTG007"]
[Black "Sturk"]
[WhiteElo "1090"]
[BlackElo "1500"]
[PlyCount "34"]
[Result "0-1"]

1.d4 d5 2.c4 Nc6 3.e3 e5 4.Nc3 Bb4 5.Bd2 Nf6 6.Nf3 
exd4 7.exd4 O-O 8.Qc2 Re8+ 9.Ne2 Bxd2+ 10.Nxd2 
Nxd4 11.Qd3 c5 12.O-O-O Bf5 13.Qa3 Nxe2+ 14.Bxe2 
Rxe2 15.Qf3 Bg4 16.Qg3 Qd7 17.Nf3 
Qa4 0-1

[Event "HCL-B072"]
[Site "www.playchess.de"]
[Date "2001.04.22"]
[Round "9"]
[White "Sturk"]
[Black "dmitry"]
[WhiteElo "1500"]
[BlackElo "1308"]
[PlyCount "39"]
[Result "1-0"]

1.e4 e5 2.Nf3 Nc6 3.Bc4 Nf6 4.Ng5 Bc5 5.Bxf7+ Ke7 
6.Bd5 Rf8 7.Nf3 d6 8.c3 g5 9.d4 exd4 10.Bxg5 Ne5 
11.Nxe5 dxe5 12.Qh5 Kd6 13.Qh6 dxc3 14.Nxc3 Bxf2+ 
15.Kxf2 Be6 16.Ke1 c6 17.Bxe6 Kxe6 18.Rf1 Rf7 
19.Rd1 Qe7 20.Qh3+ 1-0

[Event "HCL-B072"]
[Site "www.playchess.de"]
[Date "2001.04.22"]
[Round "10"]
[White "Jeff_Foster"]
[Black "Sturk"]
[WhiteElo "1441"]
[BlackElo "1500"]
[PlyCount "48"]
[Result "0-1"]

1.e4 e5 2.Nf3 Nc6 3.Bc4 Bc5 4.c3 Nf6 5.d4 exd4 
6.cxd4 Bb4+ 7.Bd2 Bxd2+ 8.Nbxd2 d5 9.exd5 Nxd5 
10.Qe2+ Be6 11.O-O O-O 12.Rac1 Re8 13.Ne5 Nxd4 
14.Qd3 Nf4 15.Qe4 Bxc4 16.Rxc4 Nfe6 17.Qxb7 Ne2+ 
18.Kh1 Qxd2 19.Nf3 Qd6 20.Qb4 c5 21.Qa3 Rab8 22.b3 
a6 23.h4 Qd3 24.Ne5 Ng3+ 0-1

[Event "ACL-A065"]
[Site "www.playchess.de"]
[Date "2001.04.23"]
[Round "5"]
[White "Dimentiy"]
[Black "Goofy"]
[WhiteElo "1500"]
[BlackElo "1740"]
[PlyCount "54"]
[Result "0-1"]

1.e4 d5 2.exd5 Nf6 3.c4 e6 4.d4 exd5 5.Nf3 Bb4+ 
6.Nc3 O-O 7.Be2 Re8 8.O-O Bg4 9.Bg5 c6 10.cxd5 
cxd5 11.Bxf6 gxf6 12.h3 Bh5 13.Re1 Nc6 14.a3 Bf8 
15.Qd2 Re6 16.g4 Bg6 17.b4 Qd7 18.Bd1 Rxe1+ 
19.Qxe1 Re8 20.Qd2 Bg7 21.Qf4 a6 22.Bb3 h5 23.Bxd5 
hxg4 24.hxg4 f5 25.gxf5 Qxf5 26.Qxf5 Bxf5 27.Rc1 
Rd8 0-1

[Event "HCL-E021"]
[Site "www.playchess.de"]
[Date "2001.04.23"]
[Round "4"]
[White "tyhee"]
[Black "Giovanni"]
[WhiteElo "2069"]
[BlackElo "2000"]
[PlyCount "41"]
[Result "1-0"]

1.e4 {welcome to playchess, and good luck.}  c5 
2.Nc3 Nc6 3.g3 g6 4.Bg2 Bg7 5.d3 d6 6.Nge2 e5 
7.O-O Nge7 8.a3 O-O 9.Rb1 f5 10.f4 fxe4 11.Nxe4 
Bf5 12.fxe5 Nxe5 13.Bg5 h6 14.Bf4 Rc8 15.N4c3 d5 
16.b4 cxb4 17.Rxb4 b6 18.Qd2 N5c6 19.Bxh6 Bxh6 
20.Qxh6 Nxb4 21.axb4 1-0

[Event "ACL-A091"]
[Site "www.playchess.de"]
[Date "2001.04.23"]
[Round "20"]
[White "Zsozso"]
[Black "Iaret"]
[WhiteElo "1548"]
[BlackElo "1500"]
[PlyCount "87"]
[Result "1-0"]

1.e4 {Hello. Good luck!}  c6 2.d4 d5 3.exd5 cxd5 
4.Bd3 Nc6 5.c3 Nf6 6.Bf4 Bg4 7.Qb3 Qc8 8.Nd2 e6 
9.Ngf3 Be7 10.O-O Bh5 11.Qc2 Qd8 12.Rae1 Bd6 
13.Bxd6 Qxd6 14.Ne5 O-O 15.Re3 Rac8 16.Qb1 Rfd8 
17.f4 Qc7 18.Rh3 h6 19.Rh4 Qe7 20.Qe1 Qe8 21.g4 
Bg6 22.Nxg6 fxg6 23.g5 Nh7 24.gxh6 Nf6 25.hxg7 
Kxg7 26.Nf3 Rd6 27.Qg3 Ne7 28.Qg5 Neg8 29.Ne5 Ne4 
30.Bxe4 dxe4 31.Rg4 Rd5 32.f5 exf5 33.Rxf5 Rd6 
34.Rxe4 Rf6 35.Ref4 Rxf5 36.Rxf5 Rc7 37.d5 b6 
38.d6 Rb7 39.Rf2 Qe6 40.Rd2 Rd7 41.Nxd7 Qxd7 
42.Qe5+ Kh7 43.Rd4 Nh6 44.Qe7+ 1-0

[Event "HCL-A075"]
[Site "www.playchess.de"]
[Date "2001.04.23"]
[Round "28"]
[White "hisamawi_s"]
[Black "kondor"]
[WhiteElo "1700"]
[BlackElo "1590"]
[PlyCount "40"]
[Result "0-1"]

1.e4 {hiiii}  e5 {hi!}  2.Nf3 Nc6 3.d4 exd4 4.Bc4 
{were you from?}  Bc5 {it's a little secret. ok? 
:)}  5.c3 dxc3 6.Bxf7+ Kxf7 7.Qd5+ Ke8 {It's a 
little secret, ok?}  8.Qxc5 Qe7 9.Qxe7+ Ngxe7 
10.Nxc3 d6 11.Nb5 Kd7 12.e5 Re8 13.e6+ Kd8 14.Ng5 
Nd5 15.O-O a6 16.Nc3 Nxc3 17.bxc3 h6 18.e7+ Rxe7 
19.Nf3 Be6 20.Bf4 Bd5 0-1

[Event "HCL-A075"]
[Site "www.playchess.de"]
[Date "2001.04.23"]
[Round "32"]
[White "malkawi2000"]
[Black "paule"]
[WhiteElo "1700"]
[BlackElo "1955"]
[PlyCount "42"]
[Result "0-1"]

1.e4 e6 2.d4 d5 3.Nd2 c5 4.c3 cxd4 5.cxd4 Nc6 
6.Bb5 dxe4 7.Bxc6+ bxc6 8.Nxe4 Qd5 9.f3 Bb4+ 
10.Nc3 Ba6 11.a3 Bxc3+ 12.bxc3 Qc4 13.Ne2 Rb8 
14.Kf2 Ne7 15.Re1 Nd5 16.Bd2 O-O 17.Rb1 c5 18.Nf4 
Nxc3 19.Bxc3 Rxb1 20.Qxb1 Qxc3 21.dxc5 
Qd4+ 0-1

[Event "HCL-E024"]
[Site "www.playchess.de"]
[Date "2001.04.23"]
[Round "33"]
[White "GOUSGOUNIS"]
[Black "SG42699"]
[WhiteElo "2000"]
[BlackElo "2000"]
[PlyCount "72"]
[Result "0-1"]

1.e4 e5 2.f4 exf4 3.Nf3 Be7 4.Nc3 Bh4+ 5.Ke2 Bf6 
6.d4 g5 7.e5 Bg7 8.Kf2 Nc6 9.Bc4 g4 10.Ne1 Qh4+ 
11.Kg1 Nxd4 12.g3 fxg3 13.Qxd4 gxh2+ 14.Kf1 Qh3+ 
15.Ke2 g3 16.Qd5 Qh5+ 17.Qf3 Qxe5+ 18.Be3 Bh6 
19.Bxf7+ Kd8 20.Nd3 Qxe3+ 21.Qxe3 Bxe3 22.Kxe3 Ne7 
23.Nf4 Rf8 24.Bb3 h5 25.Ne4 h4 26.Rad1 d6 27.Ng5 
Rf6 28.Ne4 Rf5 29.c4 Rf8 30.c5 Bg4 31.Rdf1 Kd7 
32.cxd6 cxd6 33.Bc4 d5 34.Bb5+ Kc7 35.Ng5 Kd6 
36.Ba4 Rf5 0-1

[Event "HCL-B183"]
[Site "www.playchess.de"]
[Date "2001.04.23"]
[Round "2"]
[White "sonnygarcia"]
[Black "Tumbleweed"]
[WhiteElo "1144"]
[BlackElo "1200"]
[PlyCount "66"]
[Result "0-1"]

1.e4 Nf6 2.e5 Nd5 3.d4 c5 4.c3 d6 5.Bc4 Be6 6.Nf3 
dxe5 7.Nxe5 cxd4 8.Qxd4 a6 9.Bxd5 Bxd5 10.O-O Nc6 
11.Nxc6 Bxc6 12.Qxd8+ Rxd8 13.Be3 e6 14.Bb6 Rd6 
15.Bc5 Rd5 16.Bxf8 Rxf8 17.Na3 Ke7 18.Nc4 Bb5 
19.b3 a5 20.Rfd1 Rfd8 21.Rxd5 Rxd5 22.h3 Bc6 
23.Kf1 Rd3 24.Nxa5 Bb5 25.c4 Ba6 26.a4 Kd6 27.Ke2 
Rd4 28.Rd1 Rxd1 29.Kxd1 b6 30.c5+ Kxc5 31.Nc4 Bxc4 
32.bxc4 Kxc4 33.Kc2 Kb4 0-1

[Event "ACL-A098"]
[Site "www.playchess.de"]
[Date "2001.04.23"]
[Round "4"]
[White "opressor"]
[Black "Qaurial"]
[WhiteElo "1500"]
[BlackElo "1500"]
[PlyCount "90"]
[Result "0-1"]

1.d4 Nf6 2.c4 {eu sempre jogo no site da fide 
www.fide.com}  c5 3.dxc5 e5 4.b4 a5 5.Qa4 Na6 
6.Ba3 axb4 7.Bxb4 Nxb4 8.Qxb4 {i didn´t  think 
this}  Qc7 {;) Well, it seemed logic to me}  9.Qb6 
{only a draw variant}  Qxc5 {? A draw variation? 
hm, well let's fight out :)}  10.Qxc5 {DANGER    
DANGER     hheh ehhe ehhehhehe ehhe eheheh eheh 
ehehheh eehheh ehhehed eheheh ehhe ehhed e}  Bxc5 
11.e3 O-O 12.Bd3 e4 13.Bc2 d6 14.Ne2 Be6 15.Nbc3 
Bxc4 16.Nxe4 Nxe4 17.Bxe4 Bb4+ 18.Kd1 Rxa2 19.Rxa2 
Bxa2 20.Nc1 Be6 21.Bxb7 Rb8 22.Be4 Ba3 23.Kd2 Rb2+ 
24.Bc2 Bb4+ 25.Kd1 Bc5 26.Nd3 Ra2 27.Re1 Ra1+ 
28.Kd2 Rxe1 29.Kxe1 h6 30.Nxc5 dxc5 31.Kd2 Kf8 
32.Kc3 Ke7 33.Bb3 g5 34.Bxe6 Kxe6 35.Kc4 Kd6 36.h3 
f5 37.g3 h5 38.f3 g4 39.hxg4 {we go for all or 
nothing >}  fxg4 {it is nothing :))}  40.fxg4 
{nothing for you....hhehhehhe hhheee hehhheeeeeh 
eehe hheh eh ehheeh i'm the winner of this 
tournamet}  hxg4 41.e4 Ke5 {No draw this is a 
clear win for me.....}  42.Kxc5 
{fffffffffffffffffffffffffffffffffffffffffffffffffffffffffffffffffffffffffffffffffffuuuuuuuuuuuccck 
!}  Kxe4 43.Kc4 Kf3 44.Kd3 Kxg3 45.Ke2 
Kh2 0-1

[Event "ACL-E002"]
[Site "www.playchess.de"]
[Date "2001.04.23"]
[Round "13"]
[White "rht341"]
[Black "dzwonek"]
[WhiteElo "2112"]
[BlackElo "1626"]
[PlyCount "91"]
[Result "1-0"]

1.d4 {Hello!}  f5 {Hi}  2.g3 Nf6 3.Bg2 g6 4.Nf3 
Bg7 5.O-O O-O 6.b4 d6 7.Bb2 Qe8 8.c4 h6 9.a4 Nbd7 
10.Qb3 a5 11.bxa5 Rxa5 12.Nc3 Qf7 13.Nd2 Ra6 14.e3 
c6 15.Na2 c5 16.Nc3 e5 17.Nb5 cxd4 18.exd4 exd4 
19.Bxd4 Nc5 20.Qb4 Rd8 21.Rfd1 b6 22.a5 Bb7 
23.axb6 Bxg2 24.Kxg2 Qb7+ 25.Nf3 Rxa1 26.Rxa1 Qxb6 
27.Qb2 d5 28.cxd5 Nxd5 29.Bxg7 Nd3 30.Qd2 Kxg7 
31.Ra7+ Kf6 32.Nfd4 N5f4+ {What is your OTB 
rating?}  33.gxf4 {I don't have an OTB rating. :)} 
 Rxd4 {So either you understand chess much better 
than me or you have a very strong software.}  
34.Nxd4 {You're doing fine.  This game will not be 
easy to win.}  Qxd4 {I am doing my best! :-)}  
35.Ra6+ Kg7 36.Kg1 Kh7 37.Qe3 Qxe3 38.fxe3 Kg7 
39.Ra5 Kf6 40.Kg2 Nb2 41.Rc5 Nd3 42.Rc4 g5 43.Kf1 
h5 44.Ke2 Nb2 45.fxg5+ Kxg5 46.Rb4 1-0

[Event "HCL-A080"]
[Site "www.playchess.de"]
[Date "2001.04.23"]
[Round "5"]
[White "hamgon"]
[Black "Blitzmich"]
[WhiteElo "1724"]
[BlackElo "1844"]
[PlyCount "88"]
[Result "0-1"]

1.d4 {Hi Blitzmich end good luck for you!}  d5 
{Thank you hamgon, I hope we have fun!}  2.c4 dxc4 
3.Nc3 c6 4.e4 b5 5.a4 b4 6.Na2 e5 7.Nf3 b3 8.Nc3 
exd4 9.Qxd4 Qxd4 10.Nxd4 Ba6 11.Nf5 Nd7 12.Bf4 Nc5 
13.Bd6 g6 14.Bxf8 Kxf8 15.Ne3 Nd3+ 16.Bxd3 cxd3 
17.O-O Nf6 18.f3 Kg7 19.Rfd1 Nd7 20.Ng4 Rad8 
21.Rd2 Rhe8 22.Rc1 f5 23.Nf2 Ne5 24.f4 fxe4 
25.Ncxe4 Nc4 26.Rxd3 Rxd3 27.Nxd3 Rxe4 28.Nc5 Re2 
29.Nxa6 Rc2 30.Rb1 Nd2 31.Re1 Rxb2 32.Nc5 Ra2 
33.Nxb3 Nxb3 34.Re7+ Kh6 35.Rxa7 Nc5 36.a5 Nb3 
37.g3 Rxa5 38.Rxa5 Nxa5 39.Kf2 Kh5 40.h3 Nc4 
41.Ke2 c5 42.Kd3 Nd6 43.Ke2 c4 44.Ke3 
Nf5+ 0-1

[Event "ACL-A102"]
[Site "www.playchess.de"]
[Date "2001.04.23"]
[Round "1"]
[White "Crate"]
[Black "chessnut"]
[WhiteElo "1500"]
[BlackElo "1501"]
[PlyCount "44"]
[Result "0-1"]

1.d4 Nf6 2.c4 c5 3.e3 cxd4 4.exd4 d5 5.Nc3 Nc6 
6.Be3 Bg4 7.Nf3 e6 8.a3 Rc8 9.cxd5 Nxd5 10.Be2 Qa5 
11.Qd2 Bb4 12.O-O Bxc3 13.bxc3 Nxc3 14.Kh1 Nxe2 
15.Qxe2 O-O 16.h3 Qh5 17.Kg1 Bxf3 18.gxf3 Qxh3 
19.Rfd1 Rfd8 20.Rd3 e5 21.d5 Rd6 22.Qd2 
Nd4 0-1

[Event "ACL-A100"]
[Site "www.playchess.de"]
[Date "2001.04.23"]
[Round "11"]
[White "chrisg"]
[Black "jalal"]
[WhiteElo "1784"]
[BlackElo "1500"]
[PlyCount "95"]
[Result "1-0"]

1.e4 e6 2.d4 d5 3.e5 c5 4.c3 Bd7 5.Nf3 Nc6 6.Be2 
h6 7.O-O a6 8.Be3 c4 9.b3 b5 10.a4 Na5 11.axb5 
Bxb5 12.b4 {last move for this week. have a nice 
weekend!}  Nb7 13.Na3 Ne7 14.Nxb5 {:-)}  axb5 
15.Rxa8 Qxa8 16.Qc2 Nc6 17.Qb2 Be7 18.Ra1 Qc8 
19.h4 Nbd8 20.Qa2 Qb7 21.Bf4 Kd7 {do not know 
:-)explain please}  22.h5 {That's only a friendly 
face, when you turn it! and that's a double 
friendly face with big mouth :-))}  Nb8 {thanks}  
23.Bd1 {i hope you enjoy it! :-)))}  Ndc6 24.Qe2 
Na6 25.Qd2 Ra8 26.Rc1 Qb8 27.Bc2 Naxb4 28.cxb4 
Bxb4 29.Qd1 {in the moment i have a lot of work! 
Sorry for waiting!}  Ra2 30.Bb1 Rb2 31.Be3 Ba3 
32.Bh7 b4 33.Ra1 Qa8 34.Bc1 Rb3 35.Bc2 Na5 36.Bd2 
{i wish you a nice weekend!}  Rb2 {(:2be back in 
this game}  37.Ba4+ Ke7 38.Bc1 c3 39.Qd3 Nc4 
40.Bb5 Qc8 41.Bxb2 {I wish you a beautiful 
eastern!}  Nxb2 42.Qh7 Qf8 43.Ne1 {.}  Qb8 44.Be2 
Nc4 45.Qxg7 Qa7 46.Bxc4 dxc4 47.Nc2 Qa4 
48.d5 1-0

[Event "HCL-C206"]
[Site "www.playchess.de"]
[Date "2001.04.23"]
[Round "2"]
[White "kiljoy"]
[Black "arsenic"]
[WhiteElo "1000"]
[BlackElo "1219"]
[PlyCount "32"]
[Result "0-1"]

1.d4 {hope to have a good game}  e6 {same here}  
2.e4 {where do you live?}  d5 {Manila, 
Philippines}  3.e5 {manila?!! that sounds exotic.} 
 c5 {It is not excatly paradise..}  4.c3 {in any 
case, i'd like to come and holiday there.}  Qb6 
{no problem, friends are always welcome at my 
house.}  5.Nf3 {thank you,sir!}  Bd7 6.b3 {have a 
nice weekend}  cxd4 7.Qxd4 Bc5 8.Qh4 Nf6 9.exf6 g6 
10.Ba3 Bxa3 11.Nxa3 {hello there!}  Nc6 12.Qh6 
O-O-O 13.Qf4 Rde8 14.Nb5 Kd8 15.Nd6 Ref8 16.Ng5 
Be8 0-1

[Event "HCL-B202"]
[Site "www.playchess.de"]
[Date "2001.04.23"]
[Round "8"]
[White "Pietros"]
[Black "LUPES"]
[WhiteElo "1290"]
[BlackElo "1783"]
[PlyCount "78"]
[Result "0-1"]

1.e4 e5 2.Bc4 Nf6 3.Nf3 Nxe4 4.Nc3 Nxc3 5.dxc3 f6 
6.Qd5 Qe7 7.Qe4 d6 8.Nh4 c6 9.Qe2 d5 10.Bb3 Be6 
11.c4 dxc4 12.Bxc4 Qb4+ 13.Bd2 Qxc4 14.Qxc4 Bxc4 
15.b3 Be6 16.O-O Bc5 17.c4 Na6 18.a3 O-O-O 19.Be3 
Bxe3 20.fxe3 Nc5 21.Rab1 Rd3 22.b4 Ne4 23.Rfe1 Nd2 
24.Rbc1 e4 25.c5 g5 26.Re2 gxh4 27.h3 Nc4 28.a4 
Rg8 29.b5 Rxe3 30.Rxe3 Nxe3 31.Kf2 Nxg2 32.b6 e3+ 
33.Ke2 axb6 34.cxb6 Bxh3 35.a5 Bg4+ 36.Kf1 h3 
37.Kg1 Bf3 38.Kh2 e2 {Thanks for this good 
Game(gg)! Good luck and Time for next-running 
Tournament!}  39.a6 bxa6 0-1

[Event "HCL-E034"]
[Site "www.playchess.de"]
[Date "2001.04.23"]
[Round "3"]
[White "narbiepa"]
[Black "paule"]
[WhiteElo "2000"]
[BlackElo "2031"]
[PlyCount "67"]
[Result "1-0"]

1.d4 Nf6 2.c4 c5 3.d5 e6 4.Nc3 exd5 5.cxd5 d6 6.e4 
g6 7.f4 Bg7 8.Bb5+ Nfd7 9.a4 O-O 10.Nf3 Na6 11.O-O 
Nb4 12.Re1 a6 13.Bf1 Re8 14.h3 b6 15.Be3 Bb7 
16.Bf2 Rb8 17.Qd2 Ba8 18.Bc4 h6 19.Bg3 Qe7 20.e5 
Kh7 21.Ne4 dxe5 22.fxe5 Nxe5 23.Bxe5 Bxe5 24.Nxe5 
Qxe5 25.Nxc5 Qg5 26.Qxg5 hxg5 27.Rxe8 Rxe8 28.Nd7 
Rd8 29.Nxb6 Bb7 30.a5 Kg7 31.Ra4 Nc2 32.Kf2 Re8 
33.Be2 Ne3 34.d6 1-0

[Event "ACL-A109"]
[Site "www.playchess.de"]
[Date "2001.04.23"]
[Round "10"]
[White "chucaniam"]
[Black "phGM4233"]
[WhiteElo "1500"]
[BlackElo "1500"]
[PlyCount "27"]
[Result "1-0"]

1.e4 c5 {good luck!!}  2.Nf3 d6 3.d4 cxd4 4.Nxd4 
Nf6 5.Nc3 a6 6.Bg5 e6 7.Be2 Be7 8.O-O h6 9.Be3 b5 
10.a3 Bb7 11.f3 Nbd7 12.Qd2 Rc8 13.Rad1 Ne5 
14.f4 1-0

[Event "ACL-A118"]
[Site "www.playchess.de"]
[Date "2001.04.23"]
[Round "6"]
[White "julianlore"]
[Black "chessnut"]
[WhiteElo "1500"]
[BlackElo "1951"]
[PlyCount "60"]
[Result "1/2-1/2"]

1.d4 {Hi.Good game!}  Nf6 2.Bg5 h6 3.Bxf6 exf6 
4.e3 d5 5.c4 Bb4+ 6.Nc3 Nc6 7.cxd5 Qxd5 8.Nf3 O-O 
9.Qa4 Qh5 10.Be2 Qg6 11.O-O Rd8 12.Rfd1 Bd7 13.Qb3 
a5 14.a3 Bxc3 15.Qxc3 Bh3 16.Ne1 Bf5 17.Bf3 Rd6 
18.b4 axb4 19.axb4 Rc8 20.b5 Nd8 21.Nd3 Bg4 
22.Bxg4 Qxg4 23.Rdc1 Qf5 24.Qc4 c5 25.Ra7 b6 
26.Nb4 Kh7 27.g3 Ne6 28.Qc2 Qxc2 29.Rxc2 Rdd8 
30.dxc5 Rxc5 1/2-1/2